000 00379nam a2200145Ia 4500
008 221030s9999 xx 000 0 und d
041 _aEnglish
082 _a105.23
100 _a-
245 0 _aNetworks For Planning & Control of Military Operations
_cby -
260 _bCollege of Defence Management
_aSecunderabad
_c2006
300 _a71
650 _aManagement
942 _cBK
999 _c9244
_d9244